| 000 | 01109nam a2200313 a 4500 | ||
|---|---|---|---|
| 001 | vtls000102385 | ||
| 003 | NLI | ||
| 005 | 20210601201852.0 | ||
| 008 | 101125s1962 ja 000 0 eng | ||
| 020 | _cUSD 13.50 | ||
| 039 | 9 |
_y201011251139 _zVLOAD |
|
| 040 |
_aNLI _beng _cDataSoft _eAACR2 |
||
| 041 | 0 | _aeng | |
| 044 | _aja | ||
| 082 | 0 | 4 | _a331.880952 |
| 100 | 1 |
_aAyusawa, Iwao F. _q(Iwao Frederick), _d1894- _9215867 |
|
| 245 | 1 | 0 |
_aOrganized labor in Japan / _cIwao F. Ayusawa |
| 260 |
_aTokyo : _bForeign Affairs Association of Japan, _c1962 |
||
| 300 |
_a340 p. ; _c23 cm. |
||
| 505 | 0 | _apart 1. postwar development in organized labor 1945-1952 - pt. 2. organized labor in present day Japan 1953-1961 | |
| 650 | 0 |
_aLabor unions _xLaw and legislation _zJapan _y1945-1961 _9215868 |
|
| 650 | 0 |
_aWorking class _xLabor unions _xOrganizing _zJapan _y1945-1961 _9215869 |
|
| 650 | 0 |
_aLabor unions _zJapan _xHistory _y1945-1961 _9215870 |
|
| 887 | _a | ||
| 901 |
_a375613 _b06.05.1965 |
||
| 902 | _aE331.880952 Ay96 | ||
| 949 |
_AVIRTUAITEM _D10000 _X100 _6PUR000375613ENG |
||
| 942 |
_2ddc _cBKS |
||
| 999 |
_aVIRTUA00 _c106921 _d106921 |
||